| 000 | 01117cam a2200337 a 4500 | ||
|---|---|---|---|
| 001 | 632744 | ||
| 003 | OSt | ||
| 005 | 20140310182718.0 | ||
| 008 | 930208s1993 nyu 000 1 eng | ||
| 010 | _a 93000478 | ||
| 020 | _a0373261624 | ||
| 040 |
_aDLC _cDLC _dDLC _dOCoLC _dDLC |
||
| 043 | _ae-uk-en | ||
| 050 | 0 | 0 |
_aPR 6063 _b.M681 1995 |
| 082 | 0 | 0 |
_aM 823.914 _bM69 1993 |
| 100 | 1 |
_aMitchell, Kay. _916488 |
|
| 245 | 1 | 0 |
_aRoots of evil _cMitchell, Kay |
| 260 |
_aNew York : _bSt. Martin's Press, Inc., _c1993. |
||
| 300 |
_a251 p. _c18 cm. |
||
| 521 | _aCollege Students | ||
| 526 | _c1210L-1700L | ||
| 541 | _j1 | ||
| 562 | _e1 | ||
| 650 | 0 |
_aMorrissey, Inspector (Fictitious character) _xFiction. _916489 |
|
| 650 | 0 |
_aPolice _zEngland _xFiction. _916490 |
|
| 651 | 0 |
_aEngland _xFiction. _916491 |
|
| 655 | 7 |
_aDetective and mystery stories. _2gsafd _93472 |
|
| 906 |
_a7 _bcbc _corignew _d1 _eocip _f19 _gy-gencatlg |
||
| 942 |
_2lcc _cBK _kM |
||
| 999 |
_c15305 _d15305 |
||